000 00805nas a2200253 4500
001 BR2011008354
003 BR-BrBNA
005 20231205115906.0
007 ta
008 230509b bl.|||p| |||| 00| 00por d
040 _aBR-BrBNA
_bpor
_cBiblioteca Nacional de Agricultura
041 _a(Pt)
072 _aF40; K10
100 1 _aBlum, C.T.
100 1 _aRoderjan, C.V.
100 1 _aGalvão, F.
245 1 _aO clima e sua influência na distribuição da floresta ombrófila densa na Serra da Prata, Morretes, Paraná
650 _aECOLOGIA FLORESTAL
650 _aCONDIÇÃO AMBIENTAL
650 _aUMIDADE RELATIVA
773 0 _tFloresta (Brazil)
_xISSN 0015-3826
_g(Jul-Sep 2011), v. 41(3) p. 589-598
_wBR2011008354
909 _a202311
_bLúcia
_c55
_dLúcia Elande
942 _2AGRIS
_n0
_cANA
999 _c216186
_d216186